Nadawcy Eurowizji, którzy nie brali udziału w Eurowizji - Statystyki

Ogólne statystyki
  • Ten quiz został rozwiązany 10 razy
  • Średni wynik to 14 z 17
Statystyki odpowiedzi
Kontynent Odpowiedź % Poprawnych
Azja Japonia
100%
Ameryka Płn. Stany Zjednoczone
100%
Ameryka Płd. Brazylia
89%
Azja Chiny
89%
Azja Indie
89%
Ameryka Płn. Kanada
89%
Ameryka Płd. Kolumbia
89%
Azja Korea Południowa
89%
Ameryka Płn. Meksyk
89%
Ameryka Płd. Urugwaj
89%
Australia i Oceania Nowa Zelandia
78%
Azja Tajlandia
78%
Ameryka Płd. Wenezuela
78%
Afryka Egipt
67%
Azja Filipiny
67%
Azja Tajwan
67%
Azja Jordania
44%
Nie znaleziono quizów pasujących do podanych kryteriów
Rozkład punktacji
Procent ludzi z każdym wynikiem
Percentyl według liczby udzielonych odpowiedzi
Twoja historia wyników
Nie rozwiązałeś tego quizu